000 01156nam1a22003011i 4500
001 v19\rc\1817567
005 20260406130221.0
035 _a(NLR Aleph) 004916070
090 _a5528216
_c5528216
100 _a20071224g19071913|||y0rusy50 ca
101 0 _arus
102 _aRU
105 _a z |||||
200 1 _aМатериалы к оценке недвижимых имуществ Черниговской губернии
_eЧ. 1
_fОценоч.-стат. бюро Черниг. губ. земства
210 _aЧернигов
_cЧернигов. губ. зем. управа
_d1907-1913
215 _d23-26
712 0 2 _aЧерниговское губернское земское оценочно-статистическое бюро
_3RU\NLR\AUTH\8819667
_9312698
801 0 _aRU
_bNLR
_gpsbo
801 0 _aRU
_bRuMoRGB
_2psbo
801 1 _aRU
_bProSoft-M
_2rusmarc
852 _aNLR
_bЗем
_j46/8
899 _aRuMoRGB
_jU 34/32
899 _aRuMoRGB
_jU 200/327
899 _aRuMoRGB
_jF 194/106
899 _aБАН
899 _aНБ СПбГУ (1/1-25, 1912)
899 _aГПИБ (ч. 1, вып. 1-6, 18-20, 23, 1908)
942 _cBOOK